<?xml version="1.0" encoding="UTF-8"?><marc:collection xmlns:marc="http://www.loc.gov/MARC21/slim">
  <marc:record>
    <marc:leader>00000nam  2200000za 4500</marc:leader>
    <marc:controlfield tag="001">9.815162</marc:controlfield>
    <marc:controlfield tag="003">CaOODSP</marc:controlfield>
    <marc:controlfield tag="005">20240314152356</marc:controlfield>
    <marc:controlfield tag="007">cr |||||||||||</marc:controlfield>
    <marc:controlfield tag="008">160429s2016    onc     ob   f000 0 fre d</marc:controlfield>
    <marc:datafield tag="020" ind1=" " ind2=" ">
      <marc:subfield code="a">978-0-660-05185-7</marc:subfield>
    </marc:datafield>
    <marc:datafield tag="040" ind1=" " ind2=" ">
      <marc:subfield code="a">CaOODSP</marc:subfield>
      <marc:subfield code="b">fre</marc:subfield>
    </marc:datafield>
    <marc:datafield tag="043" ind1=" " ind2=" ">
      <marc:subfield code="a">n-cn---</marc:subfield>
    </marc:datafield>
    <marc:datafield tag="086" ind1="1" ind2=" ">
      <marc:subfield code="a">PS18-32/1-2016F-PDF</marc:subfield>
    </marc:datafield>
    <marc:datafield tag="245" ind1="0" ind2="0">
      <marc:subfield code="a">Expulsion, migration circulaire et crime organisé </marc:subfield>
      <marc:subfield code="h">[ressource électronique] : </marc:subfield>
      <marc:subfield code="b">étude de cas sur la Jamaïque / </marc:subfield>
      <marc:subfield code="c">par Geoff Burt … [et al.].</marc:subfield>
    </marc:datafield>
    <marc:datafield tag="260" ind1=" " ind2=" ">
      <marc:subfield code="a">[Ottawa] : </marc:subfield>
      <marc:subfield code="b">Sécurité publique Canada, </marc:subfield>
      <marc:subfield code="c">c2016.</marc:subfield>
    </marc:datafield>
    <marc:datafield tag="300" ind1=" " ind2=" ">
      <marc:subfield code="a">34 p. : </marc:subfield>
      <marc:subfield code="b">tableaux</marc:subfield>
    </marc:datafield>
    <marc:datafield tag="500" ind1=" " ind2=" ">
      <marc:subfield code="a">Publié aussi en anglais sous le titre : Deportation, circular migration and organized crime, Jamaica case study.</marc:subfield>
    </marc:datafield>
    <marc:datafield tag="500" ind1=" " ind2=" ">
      <marc:subfield code="a">« Rapport de recherche : 2016-R007. » </marc:subfield>
    </marc:datafield>
    <marc:datafield tag="504" ind1=" " ind2=" ">
      <marc:subfield code="a">Comprend des références bibliographiques.</marc:subfield>
    </marc:datafield>
    <marc:datafield tag="520" ind1="3" ind2=" ">
      <marc:subfield code="a">Le présent rapport aborde l’incidence des expulsions forcées, pour des motifs criminels ou autres, sur la sécurité publique et le crime organisé au Canada et en Jamaïque, l’accent étant mis sur les liens transnationaux entre les personnes expulsées, le crime organisé et le Canada. Au Canada, les expulsions pour des motifs non criminels devraient être considérées selon leur incidence sur les familles et les communautés canado-jamaïcaines, où l’expulsion est devenue une question de nature délicate et à saveur politique. En Jamaïque, les expulsions pour des motifs criminels à partir du Canada, des États-Unis et du Royaume-Uni ont eu des répercussions profondes sur la sécurité publique. Les autorités de la sécurité des Caraïbes sont catégoriques : les criminels expulsés sont au moins en partie responsables de l’augmentation des taux de criminalité dans la région. Même les personnes expulsées pour des motifs non criminels, qui n’ont pas d’occasions de réintégration réussie, contribuent à la criminalité de rue. Des opérations d’application de la loi menées récemment au Canada ont révélé des liens de longue date entre les groupes criminels organisés des deux pays. On ne croit pas que les expulsions aient joué un rôle dans l’établissement de ces liens criminels, mais elles sont peut-être responsables du renforcement des liens actuels. Le rapport se termine par une analyse des stratégies d’atténuation possibles au Canada et en Jamaïque pour réduire au minimum les répercussions non voulues des expulsions sur la sécurité publique.</marc:subfield>
    </marc:datafield>
    <marc:datafield tag="692" ind1="0" ind2="7">
      <marc:subfield code="2">gccst</marc:subfield>
      <marc:subfield code="a">Déportation</marc:subfield>
    </marc:datafield>
    <marc:datafield tag="692" ind1="0" ind2="7">
      <marc:subfield code="2">gccst</marc:subfield>
      <marc:subfield code="a">Organized crime</marc:subfield>
    </marc:datafield>
    <marc:datafield tag="700" ind1="1" ind2=" ">
      <marc:subfield code="a">Burt, Geoff.</marc:subfield>
    </marc:datafield>
    <marc:datafield tag="710" ind1="1" ind2=" ">
      <marc:subfield code="a">Canada. </marc:subfield>
      <marc:subfield code="b">Sécurité publique Canada.</marc:subfield>
    </marc:datafield>
    <marc:datafield tag="775" ind1="0" ind2="8">
      <marc:subfield code="t">Deportation, circular migration and organized crime </marc:subfield>
      <marc:subfield code="w">(CaOODSP)9.815156</marc:subfield>
    </marc:datafield>
    <marc:datafield tag="856" ind1="4" ind2="0">
      <marc:subfield code="q">PDF</marc:subfield>
      <marc:subfield code="s">428 Ko</marc:subfield>
      <marc:subfield code="u">https://publications.gc.ca/collections/collection_2016/sp-ps/PS18-32-1-2016-fra.pdf</marc:subfield>
    </marc:datafield>
  </marc:record>
</marc:collection>
